Pairs - Statistics

General Stats
  • This quiz has been taken 41 times
  • The average score is 7 of 8
Answer Stats
Picture Answer % Correct
Batman/Robin
100%
Snoopy/Woodstock
97%
Shaggy/Scooby-Doo
94%
Sherlock/Watson
91%
Marty/Doc Brown
84%
Bill/Ted
81%
Sonny/Cher
75%
Sam/Frodo
72%
No matching quizzes found
Score Distribution
Percent of People with Each Score
Percentile by Number Answered
Your Score History
You have not taken this quiz